000
00314nam a22001337a 4500
020
_a
8178087995
082
_a
519.062
_b
GRE/AD
100
_a
Greenberg,Michel D.
_9
1221
245
_a
Advanced Engineering Mathematics
250
_a
2 nd
260
_a
India
_b
Pearson Education
_c
2004
300
_a
1324
942
_c
BBS
999
_c
14698
_d
14698